Les villes les plus peuplées (hors capitales) par pays - Statistiques

Statistiques générales
  • Ce quiz a été pris 187 fois
  • Le résultat moyen est 18 sur 25
Statistiques - réponses
Pays Population Ville % Correct
Etats-Unis 8 468 000 New York
95%
France 861 635 Marseille
93%
Espagne 1 643 542 Barcelone
91%
Turquie 10 878 360 Istanbul
91%
Australie 5 045 489 Sydney
90%
Italie 1 371 498 Milan
86%
Maroc 3 566 020 Casablanca
84%
Russie 5 131 942 Saint-Pétersbourg
82%
Brésil 12 336 259 Sao Paulo
82%
Inde 12 478 447 Mumbai
79%
Pays-Bas 533 900 Rotterdam
77%
Canada 2 794 356 Toronto
77%
Suisse 421 878 Zurich
76%
Emirats Arabes Unis 1 616 430 Dubai
70%
Israël 348 900 Tel Aviv
68%
Egypte 4 247 414 Alexandrie
67%
Nigeria 13 123 000 Lagos
67%
Belgique 538 910 Anvers
65%
Royaume-Uni 1 085 810 Birmingham
65%
Allemagne 1 892 122 Hambourg
65%
Colombie 2 223 078 Medellin
61%
Algérie 803 329 Oran
56%
Chine 14 460 142 Shanghai
53%
Mexique 1 600 894 Guadalajara
29%
Japon 3 725 000 Yokohama
17%
Aucun quiz correspondant
Distribution des résultats
% des personnes avec chaque résultat
Percentile par nombre de réponses
Votre historique - résultats
Vous n’avez pas pris ce quiz